Sonatina (Record no. 169357)

MARC details
000 -CABECERA
campo de control de longitud fija 00655nam a2200241 a 4500
003 - IDENTIFICADOR DEL NÚMERO DE CONTROL
campo de control MX-MxUPN
005 - FECHA Y HORA DE LA ÚLTIMA TRANSACCIÓN
campo de control 20220812145334.0
008 - ELEMENTOS DE LONGITUD FIJA--INFORMACIÓN GENERAL
campo de control de longitud fija 140519s2006 ve a r 000 p spa d
020 ## - NÚMERO INTERNACIONAL NORMALIZADO PARA LIBROS
Número Internacional Estándar del Libro 9806450302
035 ## - NÚMERO DE CONTROL DEL SISTEMA
Número de control de sistema UPN01000197256
040 ## - FUENTE DE LA CATALOGACIÓN
Centro catalogador/agencia de origen MX-MxUPN
Lengua de catalogación spa
Centro/agencia transcriptor MX-MxUPN
041 0# - CÓDIGO DE IDIOMA
Código de lengua del texto/banda sonora o título independiente spa
050 14 - SIGNATURA TOPOGRÁFICA DE LA BIBLIOTECA DEL CONGRESO
Número de clasificación PQ7519 D3
Número de documento/Ítem S66
100 1# - ASIENTO PRINCIPAL--NOMBRE PERSONAL
Nombre de persona Darío, Rubén,
Fechas asociadas al nombre 1867-1916
245 10 - MENCIÓN DE TÍTULO
Título Sonatina
250 ## - MENCIÓN DE EDICIÓN
Mención de edición Primera edición.
260 ## - PUBLICACIÓN, DISTRIBUCIÓN, ETC.
Lugar de publicación, distribución, etc. Caracas :
Nombre del editor, distribuidor, etc. Camelia,
Fecha de publicación, distribución, etc. 2006.
300 ## - DESCRIPCIÓN FÍSICA
Extensión [39] páginas :
Otras características físicas ilustraciones a color.
650 #4 - ASIENTO SECUNDARIO DE MATERIA - TERMINO TEMATICO
Término de materia o nombre geográfico como elemento de entrada Poesía nicaragüense
9 (RLIN) 1307
700 1# - ASIENTO SECUNDARIO--NOMBRE DE PERSONAL
Nombre de persona Arellano, Helena
9 (RLIN) 44833
Término indicativo de función/relación ilustradora
905 ## - TIPO DE MATERIAL
Tipo de material Libro
Holdings
Estado de retiro Estado de pérdida Fuente del sistema de clasificación o colocación Estado dañado No para préstamo Código de colección Localización permanente Ubicación/localización actual Ubicación en estantería Fecha de adquisición Total de préstamos Clasificación Código de barras Fecha visto por última vez Fecha del último préstamo Tipo de ítem Koha
    Library of Congress Classification     Colección General Bib. Gregorio Torres Quintero Bib. Gregorio Torres Quintero Planta baja 13/06/2022 1 PQ7519 D3 S66 296796 02/05/2023 27/04/2023 Libro